Best NFL Teams By All-Time Record - Statistics

General Stats
  • This quiz has been taken 194 times
  • The average score is 8 of 10
Answer Stats
Winning % Team % Correct
.562% New England Patriots
96%
.572% Green Bay Packers
91%
.536% Pittsburgh Steelers
91%
.571% Dallas Cowboys
85%
.541% Kansas City Chiefs
84%
.532% San Francisco 49ers
84%
.560% Chicago Bears
83%
.560% Baltimore Ravens
78%
.553% Miami Dolphins
77%
.544% Minnesota Vikings
70%
No matching quizzes found
Score Distribution
Percent of People with Each Score
Percentile by Number Answered
Your Score History
You have not taken this quiz